000 00924nam a2200337 a 4500
001 35684
003 AR-BaAGN
005 20231223063258.0
007 ta
008 220625s2001 ag |||||r|||| ||||||spa d
020 _a987-98478-8-1
040 _dAR-BaAGN
_eaacr
_aAR-BaAGN
_bspa
245 0 0 _aCoordinación de políticas macroeconómicas en el Mercosur
250 _a1ª ed.
260 _aBuenos Aires :
_bSiglo Veintiuno,
_c2001.
300 _axi, 139 páginas :
_bilustraciones
336 _2rdacontent
_btxt
337 _2rdamedia
_bn
338 _2rdacarrier
_bnc
490 0 _aRed-Mercosur ;
_v2
610 1 4 _aMERCOSUR
650 4 _aCOMERCIO
_91602
650 4 _aMACROECONOMIA
_91447
650 4 _aPOLÍTICA
_92164
650 4 _aPOLÍTICA ECONÓMICA
_91419
650 4 _aECONOMÍA
_91656
700 1 _aFanelli, José María
_epbd
942 _cLIBRO
_n0
999 _c35684
_d35684